| 000 -LEADER |
| fixed length control field |
01562cam a2200397 a 4500 |
| 001 - CONTROL NUMBER |
| control field |
13674297 |
| 003 - CONTROL NUMBER IDENTIFIER |
| control field |
NUST |
| 005 - DATE AND TIME OF LATEST TRANSACTION |
| control field |
20200128154212.0 |
| 008 - FIXED-LENGTH DATA ELEMENTS--GENERAL INFORMATION |
| fixed length control field |
040803s2005 nyu 000 1 eng |
| 010 ## - LIBRARY OF CONGRESS CONTROL NUMBER |
| LC control number |
2004053538 |
| 020 ## - INTERNATIONAL STANDARD BOOK NUMBER |
| International Standard Book Number |
0399152083 (acidfree paper) |
| 038 ## - RECORD CONTENT LICENSOR |
| Staff Name |
MSOHAIL |
| 040 ## - CATALOGING SOURCE |
| Original cataloging agency |
DLC |
| Transcribing agency |
DLC |
| Modifying agency |
DLC |
| 043 ## - GEOGRAPHIC AREA CODE |
| Geographic area code |
n-us-ny |
| 050 00 - LIBRARY OF CONGRESS CALL NUMBER |
| Classification number |
PS3568.O243 |
| Item number |
S87 2005 |
| 082 00 - DEWEY DECIMAL CLASSIFICATION NUMBER |
| Classification number |
813.54 |
| Edition number |
22 |
| 100 1# - MAIN ENTRY--PERSONAL NAME |
| Personal name |
Robb, J. D., |
| Dates associated with a name |
1950- |
| 9 (RLIN) |
11420 |
| 245 10 - TITLE STATEMENT |
| Title |
Survivor in death / |
| Statement of responsibility, etc. |
J.D. Robb. |
| 260 ## - PUBLICATION, DISTRIBUTION, ETC. |
| Place of publication, distribution, etc. |
New York : |
| Name of publisher, distributor, etc. |
G.P. Putnam's Sons, |
| Date of publication, distribution, etc. |
c2005. |
| 300 ## - PHYSICAL DESCRIPTION |
| Extent |
376 p. ; |
| Dimensions |
24 cm. |
| 600 10 - SUBJECT ADDED ENTRY--PERSONAL NAME |
| Personal name |
Dallas, Eve |
| Titles and other words associated with a name |
(Fictitious character) |
| Form subdivision |
Fiction. |
| 9 (RLIN) |
28149 |
| 650 #0 - SUBJECT ADDED ENTRY--TOPICAL TERM |
| Topical term or geographic name entry element |
Police |
| Geographic subdivision |
New York (State) |
| -- |
New York |
| Form subdivision |
Fiction. |
| 9 (RLIN) |
11422 |
| 650 #0 - SUBJECT ADDED ENTRY--TOPICAL TERM |
| Topical term or geographic name entry element |
Murder victims' families |
| Form subdivision |
Fiction. |
| 9 (RLIN) |
11771 |
| 650 #0 - SUBJECT ADDED ENTRY--TOPICAL TERM |
| Topical term or geographic name entry element |
Twenty-first century |
| Form subdivision |
Fiction. |
| 9 (RLIN) |
28150 |
| 650 #0 - SUBJECT ADDED ENTRY--TOPICAL TERM |
| Topical term or geographic name entry element |
Child witnesses |
| Form subdivision |
Fiction. |
| 9 (RLIN) |
13784 |
| 650 #0 - SUBJECT ADDED ENTRY--TOPICAL TERM |
| Topical term or geographic name entry element |
Policewomen |
| Form subdivision |
Fiction. |
| 9 (RLIN) |
11423 |
| 650 #0 - SUBJECT ADDED ENTRY--TOPICAL TERM |
| Topical term or geographic name entry element |
Mass murder |
| Form subdivision |
Fiction. |
| 9 (RLIN) |
28151 |
| 651 #0 - SUBJECT ADDED ENTRY--GEOGRAPHIC NAME |
| Geographic name |
New York (N.Y.) |
| Form subdivision |
Fiction. |
| 9 (RLIN) |
4634 |
| 655 #7 - INDEX TERM--GENRE/FORM |
| Genre/form data or focus term |
Mystery fiction. |
| Source of term |
gsafd |
| 9 (RLIN) |
5621 |
| 655 #7 - INDEX TERM--GENRE/FORM |
| Genre/form data or focus term |
Science fiction. |
| Source of term |
gsafd |
| 9 (RLIN) |
1086 |
| 856 42 - ELECTRONIC LOCATION AND ACCESS |
| Materials specified |
Contributor biographical information |
| Uniform Resource Identifier |
<a href="http://www.loc.gov/catdir/enhancements/fy0717/2004053538-b.html">http://www.loc.gov/catdir/enhancements/fy0717/2004053538-b.html</a> |
| 856 42 - ELECTRONIC LOCATION AND ACCESS |
| Materials specified |
Publisher description |
| Uniform Resource Identifier |
<a href="http://www.loc.gov/catdir/enhancements/fy0717/2004053538-d.html">http://www.loc.gov/catdir/enhancements/fy0717/2004053538-d.html</a> |
| 906 ## - LOCAL DATA ELEMENT F, LDF (RLIN) |
| a |
7 |
| b |
cbc |
| c |
orignew |
| d |
1 |
| e |
ocip |
| f |
20 |
| g |
y-gencatlg |
| 942 ## - ADDED ENTRY ELEMENTS (KOHA) |
| Source of classification or shelving scheme |
|
| Koha item type |
Book |